000 00584nam a22002057a 4500
999 _c262761
_d262760
003 OSt
005 20240206170354.0
008 240206b xxu||||| |||| 00| 0 eng d
010 _a 2008014683
020 _a 9780061346095 (pbk.)
020 _aa 9780061346101 (lib. bdg.)
040 _aRU
_cRU
050 _a PZ7.G9846
_b Mro 2008
100 _a Gutman, Dan.
245 _a Mr. Sunny is funny! /
_c Dan Gutman ; pictures by Jim Paillot.
250 _a 1st ed.
260 _aNew York :
_b HarperTrophy,
_c c2008.
300 _a 105 p.
_b |b ill. ;
_c 20 cm.
942 _2lcc
_cBK